LEADER 01302nam0 22003013i 450 001 SUN0062019 005 20151211124101.100 010 $a88-7642-102-5 020 $aIT$b2002 3650 100 $a20071108d2001 |0itac50 ba 101 $aita 102 $aIT 105 $a|||| ||||| 200 1 $aAntichi maestri in tournée$ele esposizioni d'arte e il loro significato$fFrancis Haskell$ga cura di Tomaso Montanari 210 $aPisa$cScuola normale superiore$d[2001] 215 $a121 p., [13] c. di tav.$cill.$d23 cm. 410 1$1001SUN0008776$12001 $aLezioni comparettiane$v4$1210 $aPisa$cScuola normale superiore di Pisa. 620 $dPisa$3SUNL000008 676 $a759.03$v21 700 1$aHaskell$b, Francis$3SUNV012583$0157088 702 1$aMontanari$b, Tomaso$f1971- $3SUNV065096 712 $aScuola normale superiore di Pisa$3SUNV001558$4650 801 $aIT$bSOL$c20181109$gRICA 912 $aSUN0062019 950 $aUFFICIO DI BIBLIOTECA DEL DIPARTIMENTO DI LETTERE E BENI CULTURALI$d07 CONS Kc 947 V $e07 10913 995 $aUFFICIO DI BIBLIOTECA DEL DIPARTIMENTO DI LETTERE E BENI CULTURALI$bIT-CE0103$h10913$kCONS Kc 947 V$oc$qa 996 $aAntichi maestri in tournee$91026263 997 $aUNICAMPANIA LEADER 01133nam a22002531i 4500 001 991003179849707536 005 20030904145521.0 008 030925s1916 it |||||||||||||||||ita 035 $ab12390823-39ule_inst 035 $aARCHE-043835$9ExL 040 $aBiblioteca Interfacoltà$bita$cA.t.i. Arché s.c.r.l. Pandora Sicilia s.r.l. 082 04$a263 100 1 $aBlandamura, Giuseppe$0210260 245 13$aLa Badia cistercense di Santa Maria del Galeso presso Taranto :$bstudi e ricerche : 1169-1392 /$cGiuseppe Blandamura 260 $aLecce :$br. tip. ed. Salentina,$c1916 300 $a17 p. ;$c25 cm 500 $aEstr. da: Rivista storica salentina, a. 11, n. 4-6 650 4$aTaranto (Territorio)$xSanta Maria del Galeso (Badia cistercense)$x1169-1392 907 $a.b12390823$b02-04-14$c08-10-03 912 $a991003179849707536 945 $aLE002 Busta A 36/19 (Fondo Guerrieri)$g1$i2002000114730$lle002$o-$pE0.00$q-$rn$so $t0$u0$v0$w0$x0$y.i12798307$z08-10-03 996 $aBadia cistercense di Santa Maria del Galeso presso Taranto$9168572 997 $aUNISALENTO 998 $ale002$b08-10-03$cm$da $e-$fita$git $h3$i1